| 000 | 00444nam a22001817a 4500 | ||
|---|---|---|---|
| 005 | 20260210125012.0 | ||
| 008 | 260210b |||||||| |||| 00| 0 eng d | ||
| 020 |
_a9788119662258 _c995.00 |
||
| 040 | _aMAIN | ||
| 041 | _aEnglish | ||
| 082 |
_a579 _bSHA |
||
| 100 |
_aSharma, Manoj Kumar _913123 |
||
| 245 | _aMicrobiology | ||
| 260 |
_aNew Delhi _bAne Books _c2025 |
||
| 300 | _a228 | ||
| 650 |
_aBiological Science _914046 |
||
| 942 | _cBK | ||
| 999 |
_c60311 _d60311 |
||